000 00727nam a2200289Ia 4500
005 20260324135111.0
008 008 260324s9999 xx 000 0 eng d
020 _a9781315203287
037 _aEBOOK
040 _aCRL
040 _beng
040 _cCRL
041 _2eng
041 _aeng
084 _qCRL
100 _aMichael Hviid Jacobsen; Mikael Carleheden
_91199337
245 4 _aThe Transformation of Modernity
245 0 _bAspects of the Past, Present and Future of an Era
260 _bTaylor and Francis
260 _c2001
365 _a
365 _b180
856 _uhttp://www.taylorfrancis.com/books/9781315203287
942 _cEBOOK
999 _c1800067
_d1800067